Los músicos de Bremen / (Record no. 117468)

MARC details
000 -CABECERA
campo de control de longitud fija 00600nam a2200193 a 4500
005 - FECHA Y HORA DE LA ÚLTIMA TRANSACCIÓN
campo de control 20220603063631.0
008 - ELEMENTOS DE LONGITUD FIJA--INFORMACIÓN GENERAL
campo de control de longitud fija 060609s2003 mx r 000 0 spa d
020 ## - NÚMERO INTERNACIONAL NORMALIZADO PARA LIBROS
Número Internacional Estándar del Libro 8482141597
035 ## - NÚMERO DE CONTROL DEL SISTEMA
Número de control de sistema UPN01000145322
049 ## - COLECCIÓN
Colección I
050 #4 - SIGNATURA TOPOGRÁFICA DE LA BIBLIOTECA DEL CONGRESO
Número de clasificación PZ7
Número de documento/Ítem M8.6
245 04 - MENCIÓN DE TÍTULO
Título Los músicos de Bremen /
Mención de responsabilidad, etc. il. de Graham Percy.
260 ## - PUBLICACIÓN, DISTRIBUCIÓN, ETC.
Lugar de publicación, distribución, etc. Barcelona, Esp. :
Nombre del editor, distribuidor, etc. Peralt Montagut,
Fecha de publicación, distribución, etc. [2003].
300 ## - DESCRIPCIÓN FÍSICA
Extensión 28 p. :
Otras características físicas principalmente il. col. +
Material acompañante/anejo 1 Disco compacto : son. ; 4 3/4 plg.
440 #0 - MENCIÓN DE SERIE/ASIENTO SECUNDARIO--TÍTULO
Título Cuentos en imágenes
650 #4 - ASIENTO SECUNDARIO DE MATERIA - TERMINO TEMATICO
Término de materia o nombre geográfico como elemento de entrada Cuentos infantiles
9 (RLIN) 6744
700 1# - ASIENTO SECUNDARIO--NOMBRE DE PERSONAL
Nombre de persona Percy, Graham,
Término indicativo de función/relación il.
9 (RLIN) 29835
905 ## - TIPO DE MATERIAL
Tipo de material Infantil
Holdings
Estado de retiro Estado de pérdida Fuente del sistema de clasificación o colocación Estado dañado No para préstamo Código de colección Localización permanente Ubicación/localización actual Ubicación en estantería Fecha de adquisición Total de préstamos Clasificación Código de barras Fecha visto por última vez Número de copia Tipo de ítem Koha Precio válido a partir de Nota pública
    Library of Congress Classification     Infantil Bib. Gregorio Torres Quintero Bib. Gregorio Torres Quintero Sala infantil Planta baja 10/05/2023 8 PZ7 M8.6 238436 31/12/2020 1 Libro    
    Library of Congress Classification     Materiales complementarios y otros recursos electrónicos  Bib. Gregorio Torres Quintero Bib. Gregorio Torres Quintero Mostrador de préstamo Planta baja 23/02/2024   PZ7 M8.6 337185 23/02/2024   Disco Compacto 23/02/2024 Solicítalo en el mostrador de préstamo